| Tag |
First Indicator |
Second Indicator |
Subfields |
| LEADER |
00000cas a2200000 4500 |
| 001 |
in00000303613 |
| 005 |
20151010092710.0 |
| 008 |
731227d19662009nyuqr p b 0 a0eng |
| 010 |
|
|
|a 73646585
|
| 016 |
7 |
|
|a 0123667
|2 DNLM
|
| 016 |
7 |
|
|a A12585000
|2 DNLM
|
| 019 |
|
|
|a 1461110
|a 223189300
|
| 022 |
0 |
|
|a 0001-8449
|l 0001-8449
|2 1
|
| 029 |
1 |
|
|a NLM
|b 0123667
|
| 029 |
1 |
|
|a NLGGC
|b 840983549
|
| 029 |
1 |
|
|a NZ1
|b 3594555
|
| 029 |
1 |
|
|a AU@
|b 000023022205
|
| 029 |
1 |
|
|a AU@
|b 000010887934
|
| 029 |
1 |
|
|a AU@
|b 000021802396
|
| 030 |
|
|
|a ADOLAO
|
| 032 |
|
|
|a 005800
|b USPS
|
| 035 |
|
|
|a (OCoLC)01788916
|
| 040 |
|
|
|a DLC
|c DLC
|d NSD
|d DLC
|d NSD
|d SER
|d AIP
|d NSD
|d AIP
|d NSD
|d AGL
|d OCL
|d NST
|d FXC
|d NST
|d AGL
|d MXC
|d IUL
|d SYS
|d MUQ
|d NLM
|d OCLCQ
|d NLGGC
|d JED
|d TJC
|d NOC
|d INU
|d OCLCQ
|d GUA
|d UtOrBLW
|
| 042 |
|
|
|a pcc
|a nsdp
|
| 049 |
|
|
|a TXAM
|
| 050 |
0 |
0 |
|a HQ793
|b .A44
|
| 060 |
0 |
0 |
|a W1
|b AD37
|
| 070 |
0 |
|
|a HQ793.A44
|
| 072 |
|
0 |
|a U400
|
| 072 |
|
0 |
|a X380
|
| 082 |
0 |
4 |
|a 301.43/15/05
|
| 090 |
|
|
|a BF724
|b .A3
|
| 210 |
0 |
|
|a Adolescence
|
| 222 |
|
0 |
|a Adolescence
|
| 245 |
0 |
0 |
|a Adolescence.
|
| 264 |
|
1 |
|a [Roslyn Heights, N.Y.] :
|b Libra Publishers.
|
| 300 |
|
|
|a 44 volumes :
|b illustrations ;
|c 23 cm.
|
| 310 |
|
|
|a Quarterly
|
| 336 |
|
|
|a text
|b txt
|2 rdacontent
|
| 337 |
|
|
|a unmediated
|b n
|2 rdamedia
|
| 338 |
|
|
|a volume
|b nc
|2 rdacarrier
|
| 362 |
0 |
|
|a v. 1-44 (no. 1-176); spring 1966-winter 2009.
|
| 500 |
|
|
|a "An international quarterly devoted to the physiological, psychological, psychiatric, sociological, and educational aspects of the second decade of human life."
|
| 504 |
|
|
|a Includes bibliographical references.
|
| 555 |
|
|
|a Vols. 1-9 (1966-74). 1 v.
|
| 650 |
|
0 |
|a Youth
|v Periodicals.
|
| 650 |
|
0 |
|a Adolescence
|v Periodicals.
|
| 650 |
|
0 |
|a Adolescent psychology
|v Periodicals.
|
| 776 |
0 |
8 |
|i Also issued online :
|t Adolescence(Online)
|w (DLC) 2010236517
|w (OCoLC)60637984
|
| 850 |
|
|
|a DLC
|a DNAL
|a GEU
|a IU-M
|a InU
|a MdBJ
|a NN
|a NdU
|a NhD
|a NjR
|a OkU
|
| 891 |
0 |
2 |
|9 853
|8 1
|a v.
|b no.
|u 04
|v c
|i (year)
|j (season)
|w q
|
| 891 |
4 |
0 |
|9 863
|8 1
|a <1>-
|i <1966>-
|x provisional
|
| 994 |
|
|
|a C0
|b TXA
|
| 949 |
|
|
|a updated
|b h
|c 2011/1/21
|e coplinger
|f 10:39:34 am
|g cease
|
| 999 |
|
|
|a MARS
|
| 999 |
f |
f |
|s 080ec6fd-22b1-3fcb-bab5-0f011450cef5
|i 869931e4-e620-3c4e-81d0-0f6b0bee01bf
|t 0
|
| 952 |
f |
f |
|p ric
|a Texas A&M University
|b Rellis Campus
|c Joint Library Facility
|d Remote Storage
|t 0
|e BF724 .A3
|h Library of Congress classification
|i unmediated -- volume
|k v.13
|l 1978
|m A14817687836
|
| 952 |
f |
f |
|p ric
|a Texas A&M University
|b Rellis Campus
|c Joint Library Facility
|d Remote Storage
|t 0
|e BF724 .A3
|h Library of Congress classification
|i unmediated -- volume
|k v.30:no.119/120
|l 1995
|m A14819932897
|
| 952 |
f |
f |
|p ric
|a Texas A&M University
|b Rellis Campus
|c Joint Library Facility
|d Remote Storage
|t 0
|e BF724 .A3
|h Library of Congress classification
|i unmediated -- volume
|k v.43
|l 2008
|m A14834791606
|
| 952 |
f |
f |
|p ric
|a Texas A&M University
|b Rellis Campus
|c Joint Library Facility
|d Remote Storage
|t 0
|e BF724 .A3
|h Library of Congress classification
|i unmediated -- volume
|k v.12
|l 1977
|m A14816403352
|
| 952 |
f |
f |
|p ric
|a Texas A&M University
|b Rellis Campus
|c Joint Library Facility
|d Remote Storage
|t 0
|e BF724 .A3
|h Library of Congress classification
|i unmediated -- volume
|k v.32:no.125/126
|l 1997
|m A14823578778
|
| 952 |
f |
f |
|p ric
|a Texas A&M University
|b Rellis Campus
|c Joint Library Facility
|d Remote Storage
|t 0
|e BF724 .A3
|h Library of Congress classification
|i unmediated -- volume
|k v.30:no.117/118
|l 1995
|m A14819926202
|
| 952 |
f |
f |
|p ric
|a Texas A&M University
|b Rellis Campus
|c Joint Library Facility
|d Remote Storage
|t 0
|e BF724 .A3 [microfilm]
|h Library of Congress classification
|i unmediated -- volume
|k v.27
|l 1992 [microfilm]
|m A14831893190
|
| 952 |
f |
f |
|p ric
|a Texas A&M University
|b Rellis Campus
|c Joint Library Facility
|d Remote Storage
|t 0
|e BF724 .A3
|h Library of Congress classification
|i unmediated -- volume
|k v.28:no.111/112
|l 1993
|m A14817884496
|
| 952 |
f |
f |
|p ric
|a Texas A&M University
|b Rellis Campus
|c Joint Library Facility
|d Remote Storage
|t 0
|e BF724 .A3 [microfilm]
|h Library of Congress classification
|i unmediated -- volume
|k v.1-7
|l 1966-1972 [microfilm]
|m A14831893043
|
| 952 |
f |
f |
|p ric
|a Texas A&M University
|b Rellis Campus
|c Joint Library Facility
|d Remote Storage
|t 0
|e BF724 .A3
|h Library of Congress classification
|i unmediated -- volume
|k v.7
|l 1972
|m A14839189749
|
| 952 |
f |
f |
|p ric
|a Texas A&M University
|b Rellis Campus
|c Joint Library Facility
|d Remote Storage
|t 0
|e BF724 .A3
|h Library of Congress classification
|i unmediated -- volume
|k v.40:no.159/160
|l 2005:Fall-Winter
|m A14833470972
|
| 952 |
f |
f |
|p ric
|a Texas A&M University
|b Rellis Campus
|c Joint Library Facility
|d Remote Storage
|t 0
|e BF724 .A3
|h Library of Congress classification
|i unmediated -- volume
|k v.44:no.173
|l 2009:Spring
|m A14839116916
|
| 952 |
f |
f |
|p ric
|a Texas A&M University
|b Rellis Campus
|c Joint Library Facility
|d Remote Storage
|t 0
|e BF724 .A3 [microfilm]
|h Library of Congress classification
|i unmediated -- volume
|k v.34
|l 1999 [microfilm]
|m A14826017438
|
| 952 |
f |
f |
|p ric
|a Texas A&M University
|b Rellis Campus
|c Joint Library Facility
|d Remote Storage
|t 0
|e BF724 .A3
|h Library of Congress classification
|i unmediated -- volume
|k v.27:no.107/108
|l 1992
|m A14817001616
|
| 952 |
f |
f |
|p ric
|a Texas A&M University
|b Rellis Campus
|c Joint Library Facility
|d Remote Storage
|t 0
|e BF724 .A3 [microfilm]
|h Library of Congress classification
|i unmediated -- volume
|k v.15
|l 1980 [microfilm]
|m A14831893124
|
| 952 |
f |
f |
|p ric
|a Texas A&M University
|b Rellis Campus
|c Joint Library Facility
|d Remote Storage
|t 0
|e BF724 .A3
|h Library of Congress classification
|i unmediated -- volume
|k v.36
|l 2001
|m A14830350262
|
| 952 |
f |
f |
|p ric
|a Texas A&M University
|b Rellis Campus
|c Joint Library Facility
|d Remote Storage
|t 0
|e BF724 .A3
|h Library of Congress classification
|i unmediated -- volume
|k v.8
|l 1973
|m A14816403386
|
| 952 |
f |
f |
|p ric
|a Texas A&M University
|b Rellis Campus
|c Joint Library Facility
|d Remote Storage
|t 0
|e BF724 .A3
|h Library of Congress classification
|i unmediated -- volume
|k v.10:no.39-40
|l 1975:Fall-Winter
|m A14817894213
|
| 952 |
f |
f |
|p ric
|a Texas A&M University
|b Rellis Campus
|c Joint Library Facility
|d Remote Storage
|t 0
|e BF724 .A3
|h Library of Congress classification
|i unmediated -- volume
|k v.26:no.101/102
|l 1991
|m A14816064899
|
| 952 |
f |
f |
|p ric
|a Texas A&M University
|b Rellis Campus
|c Joint Library Facility
|d Remote Storage
|t 0
|e BF724 .A3
|h Library of Congress classification
|i unmediated -- volume
|k v.27:no.105/106
|l 1992
|m A14817001569
|
| 952 |
f |
f |
|p ric
|a Texas A&M University
|b Rellis Campus
|c Joint Library Facility
|d Remote Storage
|t 0
|e BF724 .A3
|h Library of Congress classification
|i unmediated -- volume
|k v.18
|l 1983
|m A14811130174
|
| 952 |
f |
f |
|p ric
|a Texas A&M University
|b Rellis Campus
|c Joint Library Facility
|d Remote Storage
|t 0
|e BF724 .A3
|h Library of Congress classification
|i unmediated -- volume
|k v.22
|l 1987
|m A14813814229
|
| 952 |
f |
f |
|p ric
|a Texas A&M University
|b Rellis Campus
|c Joint Library Facility
|d Remote Storage
|t 0
|e BF724 .A3
|h Library of Congress classification
|i unmediated -- volume
|k v.37
|l 2002
|m A14830350068
|
| 952 |
f |
f |
|p ric
|a Texas A&M University
|b Rellis Campus
|c Joint Library Facility
|d Remote Storage
|t 0
|e BF724 .A3
|h Library of Congress classification
|i unmediated -- volume
|k v.35
|l 2000
|m A14827893552
|
| 952 |
f |
f |
|p ric
|a Texas A&M University
|b Rellis Campus
|c Joint Library Facility
|d Remote Storage
|t 0
|e BF724 .A3 [microfilm]
|h Library of Congress classification
|i unmediated -- volume
|k v.32
|l 1997 [microfilm]
|m A14831893263
|
| 952 |
f |
f |
|p ric
|a Texas A&M University
|b Rellis Campus
|c Joint Library Facility
|d Remote Storage
|t 0
|e BF724 .A3
|h Library of Congress classification
|i unmediated -- volume
|k v.1
|l 1966
|m A14839189684
|
| 952 |
f |
f |
|p ric
|a Texas A&M University
|b Rellis Campus
|c Joint Library Facility
|d Remote Storage
|t 0
|e BF724 .A3
|h Library of Congress classification
|i unmediated -- volume
|k v.31:no.121/122
|l 1996
|m A14821446098
|
| 952 |
f |
f |
|p ric
|a Texas A&M University
|b Rellis Campus
|c Joint Library Facility
|d Remote Storage
|t 0
|e BF724 .A3
|h Library of Congress classification
|i unmediated -- volume
|k v.5
|l 1970
|m A14839189723
|
| 952 |
f |
f |
|p ric
|a Texas A&M University
|b Rellis Campus
|c Joint Library Facility
|d Remote Storage
|t 0
|e BF724 .A3
|h Library of Congress classification
|i unmediated -- volume
|k v.39
|l 2004
|m A14833727793
|
| 952 |
f |
f |
|p ric
|a Texas A&M University
|b Rellis Campus
|c Joint Library Facility
|d Remote Storage
|t 0
|e BF724 .A3
|h Library of Congress classification
|i unmediated -- volume
|k v.14
|l 1979
|m A14816403360
|
| 952 |
f |
f |
|p ric
|a Texas A&M University
|b Rellis Campus
|c Joint Library Facility
|d Remote Storage
|t 0
|e BF724 .A3 [microfilm]
|h Library of Congress classification
|i unmediated -- volume
|k v.31
|l 1996 [microfilm]
|m A14831893271
|
| 952 |
f |
f |
|p ric
|a Texas A&M University
|b Rellis Campus
|c Joint Library Facility
|d Remote Storage
|t 0
|e BF724 .A3 [microfilm]
|h Library of Congress classification
|i unmediated -- volume
|k v.35
|l 2000 [microfilm]
|m A14827205872
|
| 952 |
f |
f |
|p ric
|a Texas A&M University
|b Rellis Campus
|c Joint Library Facility
|d Remote Storage
|t 0
|e BF724 .A3
|h Library of Congress classification
|i unmediated -- volume
|k v.16
|l 1981
|m A14813902705
|
| 952 |
f |
f |
|p ric
|a Texas A&M University
|b Rellis Campus
|c Joint Library Facility
|d Remote Storage
|t 0
|e BF724 .A3
|h Library of Congress classification
|i unmediated -- volume
|k v.9;no.35-36
|l 1974:Fall-Winter
|m A14817894166
|
| 952 |
f |
f |
|p ric
|a Texas A&M University
|b Rellis Campus
|c Joint Library Facility
|d Remote Storage
|t 0
|e BF724 .A3 [microfilm]
|h Library of Congress classification
|i unmediated -- volume
|k v.28
|l 1993 [microfilm]
|m A14831893213
|
| 952 |
f |
f |
|p ric
|a Texas A&M University
|b Rellis Campus
|c Joint Library Facility
|d Remote Storage
|t 0
|e BF724 .A3 [microfilm]
|h Library of Congress classification
|i unmediated -- volume
|k v.17
|l 1982 [microfilm]
|m A14831893205
|
| 952 |
f |
f |
|p ric
|a Texas A&M University
|b Rellis Campus
|c Joint Library Facility
|d Remote Storage
|t 0
|e BF724 .A3
|h Library of Congress classification
|i unmediated -- volume
|k v.19
|l 1984
|m A14811121947
|
| 952 |
f |
f |
|p ric
|a Texas A&M University
|b Rellis Campus
|c Joint Library Facility
|d Remote Storage
|t 0
|e BF724 .A3 [microfilm]
|h Library of Congress classification
|i unmediated -- volume
|k v.24
|l 1989 [microfilm]
|m A14831893158
|
| 952 |
f |
f |
|p ric
|a Texas A&M University
|b Rellis Campus
|c Joint Library Facility
|d Remote Storage
|t 0
|e BF724 .A3
|h Library of Congress classification
|i unmediated -- volume
|k v.20
|l 1985
|m A14811125072
|
| 952 |
f |
f |
|p ric
|a Texas A&M University
|b Rellis Campus
|c Joint Library Facility
|d Remote Storage
|t 0
|e BF724 .A3 [microfilm]
|h Library of Congress classification
|i unmediated -- volume
|k v.8-14
|l 1973-1979 [microfilm]
|m A14831893085
|
| 952 |
f |
f |
|p ric
|a Texas A&M University
|b Rellis Campus
|c Joint Library Facility
|d Remote Storage
|t 0
|e BF724 .A3 [microfilm]
|h Library of Congress classification
|i unmediated -- volume
|k v.33
|l 1998 [microfilm]
|m A14843582587
|
| 952 |
f |
f |
|p ric
|a Texas A&M University
|b Rellis Campus
|c Joint Library Facility
|d Remote Storage
|t 0
|e BF724 .A3
|h Library of Congress classification
|i unmediated -- volume
|k v.41
|l 2006
|m A14835878794
|
| 952 |
f |
f |
|p ric
|a Texas A&M University
|b Rellis Campus
|c Joint Library Facility
|d Remote Storage
|t 0
|e BF724 .A3
|h Library of Congress classification
|i unmediated -- volume
|k v.6
|l 1971
|m A14839189731
|
| 952 |
f |
f |
|p ric
|a Texas A&M University
|b Rellis Campus
|c Joint Library Facility
|d Remote Storage
|t 0
|e BF724 .A3
|h Library of Congress classification
|i unmediated -- volume
|k v.23
|l 1988
|m A14811836089
|
| 952 |
f |
f |
|p ric
|a Texas A&M University
|b Rellis Campus
|c Joint Library Facility
|d Remote Storage
|t 0
|e BF724 .A3
|h Library of Congress classification
|i unmediated -- volume
|k v.40:no.157/158
|l 2005:Spring-Summer
|m A14833471091
|
| 952 |
f |
f |
|p ric
|a Texas A&M University
|b Rellis Campus
|c Joint Library Facility
|d Remote Storage
|t 0
|e BF724 .A3 [microfilm]
|h Library of Congress classification
|i unmediated -- volume
|k v.25
|l 1990 [microfilm]
|m A14831893174
|
| 952 |
f |
f |
|p ric
|a Texas A&M University
|b Rellis Campus
|c Joint Library Facility
|d Remote Storage
|t 0
|e BF724 .A3 [microfilm]
|h Library of Congress classification
|i unmediated -- volume
|k v.19
|l 1984 [microfilm]
|m A14831893093
|
| 952 |
f |
f |
|p ric
|a Texas A&M University
|b Rellis Campus
|c Joint Library Facility
|d Remote Storage
|t 0
|e BF724 .A3 [microfilm]
|h Library of Congress classification
|i unmediated -- volume
|k v.26
|l 1991 [microfilm]
|m A14831893182
|
| 952 |
f |
f |
|p ric
|a Texas A&M University
|b Rellis Campus
|c Joint Library Facility
|d Remote Storage
|t 0
|e BF724 .A3 [microfilm]
|h Library of Congress classification
|i unmediated -- volume
|k v.21
|l 1986 [microfilm]
|m A14831893116
|
| 952 |
f |
f |
|p ric
|a Texas A&M University
|b Rellis Campus
|c Joint Library Facility
|d Remote Storage
|t 0
|e BF724 .A3
|h Library of Congress classification
|i unmediated -- volume
|k v.21
|l 1986
|m A14810789425
|
| 952 |
f |
f |
|p ric
|a Texas A&M University
|b Rellis Campus
|c Joint Library Facility
|d Remote Storage
|t 0
|e BF724 .A3
|h Library of Congress classification
|i unmediated -- volume
|k v.34
|l 1999
|m A14827276043
|
| 952 |
f |
f |
|p ric
|a Texas A&M University
|b Rellis Campus
|c Joint Library Facility
|d Remote Storage
|t 0
|e BF724 .A3
|h Library of Congress classification
|i unmediated -- volume
|k v.33
|l 1998
|m A14824913620
|
| 952 |
f |
f |
|p ric
|a Texas A&M University
|b Rellis Campus
|c Joint Library Facility
|d Remote Storage
|t 0
|e BF724 .A3
|h Library of Congress classification
|i unmediated -- volume
|k v.2:no.5-8
|l 1967/1968
|m A14839189692
|
| 952 |
f |
f |
|p ric
|a Texas A&M University
|b Rellis Campus
|c Joint Library Facility
|d Remote Storage
|t 0
|e BF724 .A3
|h Library of Congress classification
|i unmediated -- volume
|k v.28:no.109/110
|l 1993
|m A14817886024
|
| 952 |
f |
f |
|p ric
|a Texas A&M University
|b Rellis Campus
|c Joint Library Facility
|d Remote Storage
|t 0
|e BF724 .A3
|h Library of Congress classification
|i unmediated -- volume
|k v.31:no.123/124
|l 1996
|m A14821446145
|
| 952 |
f |
f |
|p ric
|a Texas A&M University
|b Rellis Campus
|c Joint Library Facility
|d Remote Storage
|t 0
|e BF724 .A3 [microfilm]
|h Library of Congress classification
|i unmediated -- volume
|k v.29
|l 1994 [microfilm]
|m A14831893221
|
| 952 |
f |
f |
|p ric
|a Texas A&M University
|b Rellis Campus
|c Joint Library Facility
|d Remote Storage
|t 0
|e BF724 .A3
|h Library of Congress classification
|i unmediated -- volume
|k v.4:no.13-16
|l 1969
|m A14839189715
|
| 952 |
f |
f |
|p ric
|a Texas A&M University
|b Rellis Campus
|c Joint Library Facility
|d Remote Storage
|t 0
|e BF724 .A3 [microfilm]
|h Library of Congress classification
|i unmediated -- volume
|k v.16
|l 1981 [microfilm]
|m A14831893166
|
| 952 |
f |
f |
|p ric
|a Texas A&M University
|b Rellis Campus
|c Joint Library Facility
|d Remote Storage
|t 0
|e BF724 .A3
|h Library of Congress classification
|i unmediated -- volume
|k v.17
|l 1982
|m A14816403378
|
| 952 |
f |
f |
|p ric
|a Texas A&M University
|b Rellis Campus
|c Joint Library Facility
|d Remote Storage
|t 0
|e BF724 .A3
|h Library of Congress classification
|i unmediated -- volume
|k v.29:no.113/114
|l 1994
|m A14819393637
|
| 952 |
f |
f |
|p ric
|a Texas A&M University
|b Rellis Campus
|c Joint Library Facility
|d Remote Storage
|t 0
|e BF724 .A3
|h Library of Congress classification
|i unmediated -- volume
|k v.3:no.9-12
|l 1968/1969
|m A14839189707
|
| 952 |
f |
f |
|p ric
|a Texas A&M University
|b Rellis Campus
|c Joint Library Facility
|d Remote Storage
|t 0
|e BF724 .A3 [microfilm]
|h Library of Congress classification
|i unmediated -- volume
|k v.30
|l 1995 [microfilm]
|m A14831893239
|
| 952 |
f |
f |
|p ric
|a Texas A&M University
|b Rellis Campus
|c Joint Library Facility
|d Remote Storage
|t 0
|e BF724 .A3
|h Library of Congress classification
|i unmediated -- volume
|k v.29:no.115/116
|l 1994
|m A14820278654
|
| 952 |
f |
f |
|p ric
|a Texas A&M University
|b Rellis Campus
|c Joint Library Facility
|d Remote Storage
|t 0
|e BF724 .A3
|h Library of Congress classification
|i unmediated -- volume
|k v.25
|l 1990
|m A14814666467
|
| 952 |
f |
f |
|p ric
|a Texas A&M University
|b Rellis Campus
|c Joint Library Facility
|d Remote Storage
|t 0
|e BF724 .A3
|h Library of Congress classification
|i unmediated -- volume
|k v.32:no.127/128
|l 1998
|m A14823578825
|
| 952 |
f |
f |
|p ric
|a Texas A&M University
|b Rellis Campus
|c Joint Library Facility
|d Remote Storage
|t 0
|e BF724 .A3
|h Library of Congress classification
|i unmediated -- volume
|k v.11
|l 1976
|m A14816403394
|
| 952 |
f |
f |
|p ric
|a Texas A&M University
|b Rellis Campus
|c Joint Library Facility
|d Remote Storage
|t 0
|e BF724 .A3 [microfilm]
|h Library of Congress classification
|i unmediated -- volume
|k v.20
|l 1985 [microfilm]
|m A14831893108
|
| 952 |
f |
f |
|p ric
|a Texas A&M University
|b Rellis Campus
|c Joint Library Facility
|d Remote Storage
|t 0
|e BF724 .A3
|h Library of Congress classification
|i unmediated -- volume
|k v.24
|l 1989
|m A14812090830
|
| 952 |
f |
f |
|p ric
|a Texas A&M University
|b Rellis Campus
|c Joint Library Facility
|d Remote Storage
|t 0
|e BF724 .A3
|h Library of Congress classification
|i unmediated -- volume
|k v.42:no.165/166
|l 2007:Spring-Summer
|m A14837124434
|
| 952 |
f |
f |
|p ric
|a Texas A&M University
|b Rellis Campus
|c Joint Library Facility
|d Remote Storage
|t 0
|e BF724 .A3
|h Library of Congress classification
|i unmediated -- volume
|k v.38
|l 2003
|m A14831789812
|
| 952 |
f |
f |
|p ric
|a Texas A&M University
|b Rellis Campus
|c Joint Library Facility
|d Remote Storage
|t 0
|e BF724 .A3
|h Library of Congress classification
|i unmediated -- volume
|k v.15
|l 1980
|m A14812142564
|
| 952 |
f |
f |
|p ric
|a Texas A&M University
|b Rellis Campus
|c Joint Library Facility
|d Remote Storage
|t 0
|e BF724 .A3 [microfilm]
|h Library of Congress classification
|i unmediated -- volume
|k v.18
|l 1983 [microfilm]
|m A14831893247
|
| 952 |
f |
f |
|p ric
|a Texas A&M University
|b Rellis Campus
|c Joint Library Facility
|d Remote Storage
|t 0
|e BF724 .A3 [microfilm]
|h Library of Congress classification
|i unmediated -- volume
|k v.23
|l 1988 [microfilm]
|m A14831893140
|
| 952 |
f |
f |
|p ric
|a Texas A&M University
|b Rellis Campus
|c Joint Library Facility
|d Remote Storage
|t 0
|e BF724 .A3 [microfilm]
|h Library of Congress classification
|i unmediated -- volume
|k v.36
|l 2001 [microfilm]
|m A14828626623
|
| 952 |
f |
f |
|p ric
|a Texas A&M University
|b Rellis Campus
|c Joint Library Facility
|d Remote Storage
|t 0
|e BF724 .A3
|h Library of Congress classification
|i unmediated -- volume
|k v.42:no.167/168
|l 2007:Fall-Winter
|m A14837124476
|
| 952 |
f |
f |
|p ric
|a Texas A&M University
|b Rellis Campus
|c Joint Library Facility
|d Remote Storage
|t 0
|e BF724 .A3 [microfilm]
|h Library of Congress classification
|i unmediated -- volume
|k v.22
|l 1987 [microfilm]
|m A14831893132
|
| 998 |
f |
f |
|a BF724 .A3 [microfilm]
|s v.1-36 (1966-2001)
|t 0
|l Remote Storage
|
| 998 |
f |
f |
|a BF724 .A3
|s v.44:no.173 (2009:Spring)
|t 0
|l Remote Storage
|